Harry Potter Chain Quiz Stats

 Plays Quiz not verified by Sporcle

Score 0/20 Timer 08:00
0 Plays Today
Question Answer % Correct
????
97.6%
????
86.1%
????
67.5%
????
63.9%
????
63.9%
????
57.4%
????
57%
????
54.1%
????
50.2%
????
49%
Question Answer % Correct
????
48.3%
????
48.1%
????
46.9%
????
40.2%
????
40.1%
????
38.9%
????
35.8%
????
35.4%
????
34.6%
????
33.6%

You're not logged in!

Compare scores with friends on all Sporcle quizzes.
OR
Log In

Show Comments

Extras

Created Nov 25, 2010ReportNominate
Tags:Harry Potter Quiz

Top Quizzes Today


Score Distribution

Your Account Isn't Verified!

In order to create a playlist on Sporcle, you need to verify the email address you used during registration. Go to your Sporcle Settings to finish the process.

Report this User

Report this user for behavior that violates our Community Guidelines.

Details: